Plumas y palabras / (Record no. 27363)

MARC details
000 -LEADER
campo de control de longitud fija 01154nam a2200253 i 4500
001 - NÚMERO DE CONTROL
campo de control 27363
003 - IDENTIFICADOR DE NÚMERO DE CONTROL
campo de control ES-MaACL
005 - FECHA Y HORA DE LA ÚLTIMA TRANSACCIÓN
campo de control 20250630135309.0
007 - CAMPO FIJO DE DESCRIPCIÓN FÍSICA--INFORMACIÓN GENERAL
campo de control de longitud fija t|
008 - DATOS DE LONGITUD FIJA--INFORMACIÓN GENERAL
campo de control de longitud fija 030114s1930 sp |||| | spa d
080 ## - NÚMERO DE LA CLASIFICACIÓN DECIMAL UNIVERSAL
Número de la Clasificación Decimal Universal 821.134.2-4"19"
100 1# - ENTRADA PRINCIPAL--NOMBRE DE PERSONA
Nombre de persona Azaña, Manuel,
Fechas asociadas al nombre 1880-1940
9 (RLIN) 24223
245 10 - MENCIÓN DEL TÍTULO
Título Plumas y palabras /
Mención de responsabilidad, etc. Manuel Azaña.
260 ## - PUBLICACIÓN, DISTRIBUCIÓN, ETC.
Lugar de publicación, distribución, etc. Madrid :
Nombre del editor, distribuidor, etc. Compañía Iberoamericana de Publicaciones,
Fecha de publicación, distribución, etc. [1930] (
Fabricante Cía. Gral. de Artes Gráficas)
300 ## - DESCRIPCIÓN FÍSICA
Extensión 339 p. ;
Dimensiones 18 cm.
505 8# - NOTA DE CONTENIDO CON FORMATO
Nota de contenido con formato Contiene: Revistas: El idearium de Ganivet, Arclepigenia y la experiencia amatoria de D. Juan Valera, Jorge Borrow y la Biblia en España ; Objeciones: Almanzor, Los curas oprimidos... ; Palabras sin libertad: Una constitución en busca de autor, La inteligencia y el carácter en la acción política..., Todavía el 98...; Madrid
505 8# - NOTA DE CONTENIDO CON FORMATO
Nota de contenido con formato Con referencias al Ateneo de Madrid
530 ## - NOTA DISPONIBLE DE FORMULARIO FÍSICO ADICIONAL
Nota de formato físico adicional disponible Disponible en formato digital.
852 4# - LOCALIZACIÓN
Ubicación ES-MaACL
Número de control de estantería A-3221
Ubicación en estantería Sala Pecera Planta 1
852 4# - LOCALIZACIÓN
Ubicación ES-MaACL
Número de control de estantería C-23019
Ubicación en estantería Depósito 2
856 4# - LOCALIZACIÓN Y ACCESO ELECTRÓNICOS
Identificador Uniforme de Recursos <a href="http://bdh-rd.bne.es/viewer.vm?id=0000256584&page=1 ">http://bdh-rd.bne.es/viewer.vm?id=0000256584&page=1 </a>
Texto de enlace Biblioteca Digital Hispánica
942 ## - ELEMENTOS DE ENTRADA SECUNDARIOS (KOHA)
Fuente del sistema de clasificación o colocación Clasificación decimal universal
Holdings
Estatus retirado Estado de pérdida Estado de daño No para préstamo Colección Biblioteca de origen Biblioteca actual Ubicación en estantería Fecha de adquisición Fuente de adquisición Total de préstamos Signatura topográfica completa Código de barras Visto por última vez Precio de reemplazo Tipo de ítem Koha
        Colección digital Biblioteca del Ateneo de Madrid Biblioteca del Ateneo de Madrid Depósito 2 17/01/2008     C-23019 1028243 23/02/2023 23/02/2023 Libro impreso
        Colección digital Biblioteca del Ateneo de Madrid Biblioteca del Ateneo de Madrid Sala Pecera Planta 1 17/01/2008     A-3221 1028242 23/02/2023 23/02/2023 Libro impreso